Statistics for Countries Bordering Multiple Oceans

Click here to take the quiz!

General Stats

  • This quiz has been taken 29 times
  • The average score is 20 of 23

Answer Stats

Answer% Correct
Argentina
100%
Australia
100%
Canada
100%
Chile
100%
Russia
100%
South Africa
100%
Mexico
96%
United States
96%
Colombia
92%
Costa Rica
92%
Indonesia
92%
Panama
92%
Guatemala
88%
Honduras
88%
Malaysia
88%
Nicaragua
88%
Egypt
80%
Norway
80%
Thailand
76%
Israel
72%
East Timor
64%
Greenland
64%
Iceland
64%

Score Distribution

Percentile by Number Answered

Percent of People with Each Score

Your Score History

You have not taken this quiz